| 000 | 01639nam a2200421Ia 4500 | ||
|---|---|---|---|
| 001 | ebr10146809 | ||
| 003 | CaPaEBR | ||
| 006 | m u | ||
| 007 | cr cn||||||||| | ||
| 008 | 060403s2006 enka sb 000 0 eng d | ||
| 010 | _z 2006010931 | ||
| 015 |
_aGBA658068 _2bnb |
||
| 020 | _z1853599115 (hbk) | ||
| 020 | _z1853599107 (pbk.) | ||
| 020 | _z1853599123 (ebook) | ||
| 020 | _z9781853599118 | ||
| 020 | _z9781853599101 | ||
| 024 | 3 | _z9781853599125 | |
| 040 |
_aCaPaEBR _cCaPaEBR |
||
| 035 | _a(OCoLC)567913909 | ||
| 050 | 1 | 4 |
_aLB2375 _b.L58 2006eb |
| 082 | 0 | 4 |
_a370.116 _222 |
| 245 | 0 | 0 |
_aLiving and studying abroad _h[electronic resource] : _bresearch and practice / _cedited by Michael Byram and Anwei Feng. |
| 260 |
_aClevedon [England] ; _aBuffalo, NY : _bMultilingual Matters Ltd., _c2006. |
||
| 300 |
_axvi, 276 p. : _bill. |
||
| 490 | 1 |
_aLanguages for intercultural communication and education ; _v12 |
|
| 504 | _aIncludes bibliographical references (p. 257-276) | ||
| 533 |
_aElectronic reproduction. _bPalo Alto, Calif. : _cebrary, _d2009. _nAvailable via World Wide Web. _nAccess may be limited to ebrary affiliated libraries. |
||
| 650 | 0 | _aForeign study. | |
| 650 | 0 |
_aForeign study _xResearch. |
|
| 650 | 0 |
_aForeign study _xResearch _xMethodology. |
|
| 655 | 7 |
_aElectronic books. _2local |
|
| 700 | 1 | _aByram, Michael. | |
| 700 | 1 |
_aFeng, Anwei, _d1954- |
|
| 710 | 2 | _aebrary, Inc. | |
| 830 | 0 |
_aLanguages for intercultural communication and education ; _v12. |
|
| 856 | 4 | 0 |
_uhttp://site.ebrary.com/lib/rucke/Doc?id=10146809 _zAn electronic book accessible through the World Wide Web; click to view |
| 999 |
_c190360 _d190360 |
||